| 000 -LEADER |
| fixed length control field |
00732nam a22001817a 4500 |
| 020 ## - INTERNATIONAL STANDARD BOOK NUMBER |
| ISBN |
9781783749249 (ebook) |
| 082 ## - DEWEY DECIMAL CLASSIFICATION NUMBER |
| Classification number |
419 |
| Item number |
B723s 2020 |
| 100 ## - MAIN ENTRY--AUTHOR NAME |
| Personal name |
Bonvillan, John D., author. |
| 245 ## - TITLE STATEMENT |
| Title |
Simplified signs : a manual sign-communication system for special populations / John D. Bonvillian, Tracy T. Dooley, Nicole Kissane Lee, Filip T. Loncke. |
| 260 ## - PUBLICATION, DISTRIBUTION, ETC. (IMPRINT) |
| Place of publication |
Cambridge, UK : |
| Name of publisher |
Open Book Publishers, |
| Year of publication |
2020. |
| 300 ## - PHYSICAL DESCRIPTION |
| Number of Pages |
1 online resource, xxiv, 621 pages : |
| Other physical details |
illustrations. |
| 490 ## - SERIES STATEMENT |
| Series statement |
volume 1. Principles, Background, and Application |
| 500 ## - GENERAL NOTE |
| General note |
includes index. |
| 650 ## - SUBJECT ADDED ENTRY--TOPICAL TERM |
| Topical Term |
Manual sign communication |
| 650 ## - SUBJECT ADDED ENTRY--TOPICAL TERM |
| Topical Term |
Mastering full sign languages |
| 700 ## - ADDED ENTRY--PERSONAL NAME |
| Personal name |
Nelson- Metlay, Lee, illustrator. |
| 942 ## - ADDED ENTRY ELEMENTS (KOHA) |
| Koha item type |
Electronic Books |